000 01002nam0a22002651 4500
001 rc\4159153
005 20130415184914.6
021 _aRU
_b[53-27482]
035 _a(NLR Aleph) 008174906
090 _a7878072
_c7878072
100 _a20130415d1953 |||y0rusy50 ca
101 0 _arus
102 _aRU
105 _aa z |||||
200 1 _aВнедряйте в производство новые сорта сладкого перца
_fМ-во легкой и пищевой пром-сти СССР. Отд. с.-х. пропаганды
210 _aМосква
_cБ. и.
_d1953
215 _a8 с.
_cил.
_d22
300 _aАвт. указан в конце текста: канд. с.-х. наук А.Е. Сенюшкин
606 _aПерец сладкий
_xВозделывание
_2psbo
700 1 _aСенюшкин
_bА. Е.
_gАлексей Ефимович
801 0 _aRU
_bNLR
_gpsbo
801 1 _aRU
_bELAR
_2rusmarc
852 _aNLR
_jС40 Г-6/269
942 _cBOOK
980 _aNB